[Event "SLO-chT"]
[Site "Bled"]
[Date "2005.11.05"]
[Round "3"]
[White "Lazar, Drago"]
[Black "Ravnik, Franc"]
[Result "1-0"]
[WhiteElo "1997"]
[BlackElo "1980"]
[PlyCount "85"]
[EventDate "2005.11.03"]
[EventType "team"]
[EventRounds "9"]
[EventCountry "SLO"]
[SourceTitle "CBM 109 Extra"]
[Source "ChessBase"]
[SourceDate "2006.01.03"]
[SourceVersion "2"]
[SourceVersionDate "2006.01.03"]
[SourceQuality "1"]

1. d4 d5 2. c4 c6 3. Nc3 dxc4 4. a4 Nf6 5. e4 Be6 6. Nf3 g6 7. Ne5 Bg7 8. Bxc4 Bxc4 9. Nxc4 Nbd7 10. 0-0 b5 11. axb5 cxb5 12. Nxb5 Nxe4 13. Re1 a6 14. Qf3 f5 15. Rxe4 0-0 16. Nc3 fxe4 17. Qxe4 Nf6 18. Qe6+ Kh8 19. Ne5 Qxd4 20. Nf7+ Rxf7 21. Qxf7 Rf8 22. Be3 Qh4 23. Qxe7 Re8 24. Qc5 Ng4 25. h3 Nxe3 26. fxe3 Qg3 27. Ne4 Qb8 28. Nd6 Qxb2 29. Rf1 Rf8 30. Nf7+ Kg8 31. Qd5 Bf6 32. Ng5+ Kg7 33. Ne6+ Kg8 34. Nxf8+ Kxf8 35. Qe6 Kg7 36. Qxa6 Qe5 37. Qxf6+ Qxf6 38. Rxf6 Kxf6 39. Kf2 Kf5 40. Kf3 h6 41. e4+ Ke5 42. Ke3 g5 43. g4 1-0